000 00351nam a22001337a 4500
008 240923b |||||||| |||| 00| 0 eng d
022 _a09728201
041 _aEnglish
245 _aAsian Journal of Management Cases
260 _aNew Dehli
_bSage Publication
_cMarch 2024
300 _a122
856 _ujournals.sagepub.com/home/ajc
942 _cSR
_s1
999 _c41529
_d41529